000 00869nam a2200277 i 4500
001 16375
003 ES-MaACL
005 20230906151315.0
007 t|
008 000904s1996 mx ||||1| spa d
020 _a968-16-4203-1
080 _a291.13
080 _a292(0:82)
100 1 _aDumézil, Georges.
_946001
245 1 0 _aMito y epopeya /
_cGeorges Dumézil.
250 _a1ª ed. en español.
260 _aMéxico :
_bFondo de Cultura Económica,
_c1996.
300 _a2 v. ;
_c23 cm.
490 1 _aSección de obras de historia
505 1 _a2. Tipos épicos indoeuropeos: un héroe, un brujo, un rey - 3. Historias romanas
650 0 0 _aMitología indoeuropea.
_915108
650 4 _aPoesía épica-
_xHistoria y crítica.
_9160540
830 1 _aSección de obras de historia
_9179403
852 _aES-MaACL
_jL-23475-76
999 _c16375
_d16375